|
|
|
|
| LEADER |
00000cam a2200000 a 4500 |
| 001 |
vtls001077005 |
| 003 |
SK-MaSNL |
| 005 |
20260301111111.0 |
| 008 |
160314s1994 xo grn 0000e slo |
| 015 |
|
|
|a SNBA1994
|
| 020 |
|
|
|a 8022005754
|q (viazané)
|
| 035 |
|
|
|a SNK000019839
|
| 040 |
|
|
|a SNK
|b slo
|c SNK
|e AACR2
|
| 041 |
0 |
|
|a slo
|
| 044 |
|
|
|a xo
|c SK
|
| 072 |
|
7 |
|a 821.162.4-3
|x Slovenská próza
|2 konspekt
|
| 080 |
|
|
|a 821.162.4
|2 2011
|
| 080 |
|
|
|a (048.8)
|2 2011
|
| 080 |
|
|
|a (046)
|2 2011
|
| 080 |
|
|
|a (0:82-95)
|2 2011
|
| 080 |
|
|
|a 821.162.4-4
|2 2011
|
| 100 |
1 |
|
|a Hamada, Milan,
|d 1933-2023
|4 aut
|9 222212
|
| 245 |
1 |
0 |
|a Sizyfovský údel
|c Milan Hamada
|
| 250 |
|
|
|a 1. vyd.
|
| 260 |
|
|
|a Bratislava
|b Slovenský spisovateľ
|c 1994
|
| 300 |
|
|
|a 314 strán
|c 21 cm
|
| 504 |
|
|
|a Bibliografické poznámky na strane 313-[315]
|
| 648 |
|
7 |
|a 1968
|2 SNKPH
|9 297881
|
| 650 |
0 |
7 |
|a slovenská literatúra
|2 SNKPH
|9 1115
|
| 655 |
|
7 |
|a štúdie
|2 SNKPH
|9 57033
|
| 655 |
|
7 |
|a slovenské eseje
|2 SNKPH
|9 70621
|
| 655 |
|
7 |
|a články
|2 SNKPH
|9 70601
|
| 655 |
|
7 |
|a recenzie
|2 SNKPH
|9 21907
|
| 919 |
|
|
|a 80-220-0575-4
|
| 954 |
|
|
|a beletria pôvodná (slovenská)
|2 lita
|
| 958 |
|
|
|a RK
|
| 958 |
|
|
|a TL
|
| 958 |
|
|
|a LX
|
| 958 |
|
|
|a NB
|
| 958 |
|
|
|a OND
|
| 999 |
|
|
|c 705513
|d 707443
|
| 952 |
|
|
|t P60, <04>, [BOOK], {604}
|a SNK
|b SNK
|y VYP
|7 0
|p 17A0159777
|o snkSC 87142 D1
|0 0
|1 0
|4 0
|d 1998-09-09
|l 0
|r 2004-12-31 00:00:00
|w 2026-02-23
|
| 952 |
|
|
|a SNK
|b SNK
|y PREZ
|7 0
|p 17A0585889
|o snkSC 87142
|i snkKSP 10811/94
|0 0
|1 0
|4 0
|d 2008-04-04
|f 1
|l 0
|r 2026-02-23 21:14:10
|w 2026-02-23
|